| 000 | 01032nam a2200229Ia 4500 | ||
|---|---|---|---|
| 999 |
_c43709 _d43709 |
||
| 001 | 10450 | ||
| 003 | GE_BSU | ||
| 005 | 20221219110712.0 | ||
| 008 | 181216s1982ge xx |||||||||||||| ||geo|| | ||
| 020 | _a9789992895269 | ||
| 040 | _cGE_BSU | ||
| 041 | _ageo | ||
| 080 | _a821.353.1 ქ-27 | ||
| 245 |
_aქართული პროზა:წ.3:მეთერთმეტე–მეთოთხმეტე საუკუნეების მწერლობა/ _cშემდგ.: გ. გვერდწითელი, ნ. ებრალიძე, რ. თვარაძე. |
||
| 264 |
_aთბილისი : _bსაბჭოთა საქართველო, _c1982. |
||
| 300 |
_a431 გვ: _c20 სმ |
||
| 653 | _aქართული პროზა | ||
| 700 |
_aგვერდწითელი, გ. _93669 |
||
| 700 |
_aებრალიძე, ნ _eშემდგენელი _916465 |
||
| 700 |
_aთვარაძე, რ _eშემდგენელი _914595 |
||
| 942 |
_cBK _2udc |
||